K nedožitým 90. narozeninám emeritního primáře MUDr. Ludovíta Szabo

Podrobná bibliografia
Hlavní autori: Kothaj, Peter, 1951-2017 (Autor), Škába, Richard, 1949- (Autor)
Médium: Článok
Jazyk:čeština
PhysicalDescription:Obr.
ISSN:0035-9351
Predmet:

MARC

LEADER 00000nab a2200000 a 4500
001 vtls008415466
003 SK-MaSNL
005 20260303070004.0
008 040806c2005 xo 0 cze
015 |a SNBCL2005/5 
035 |a SLK034012 
040 |a SLKCL  |b slo  |c SNKBUCL  |e AACR2 
041 1 |a cze 
044 |a xo  |c SK 
080 |a 61-051:616-089:929 Szabo Ľudovít  |2 1981 
100 1 |a Kothaj, Peter,  |d 1951-2017  |4 aut  |9 175963 
245 1 0 |a K nedožitým 90. narozeninám emeritního primáře MUDr. Ludovíta Szabo  |c Peter Kothaj, Richard Škába 
300 |b Obr. 
600 1 7 |a Szabo, Ľudovít  |d 1914-1998  |2 snkbucl  |9 1066799 
650 0 7 |a lekári  |2 MESH  |9 3195 
650 0 7 |a chirurgia  |2 MESH  |9 2178 
650 0 7 |a výchova a vzdelávanie  |2 MESH  |9 1684 
650 0 7 |a biografie   |2 MESH  |9 111226 
700 1 |a Škába, Richard,  |d 1949-  |4 aut  |9 92444 
773 0 |w SERIAL_GENERAL*000101*2005*005*004  |x 0035-9351  |t Rozhledy v chirurgii  |g Roč. 84, č. 4 (2005), s. 207 
850 |a Slovenská lekárska knižnica v Bratislave  |a BA006 
852 |a BA006  |b KIS3GCP  |b 000500000 
999 |c 1753540  |d 1755470